Ethics and limits of philosophy / (Record no. 565)

MARC details
000 -LEADER
fixed length control field 00565nam a22002057a 4500
005 - DATE AND TIME OF LATEST TRANSACTION
control field 20250420134816.0
008 - FIXED-LENGTH DATA ELEMENTS--GENERAL INFORMATION
fixed length control field 200809b ||||| |||| 00| 0 eng d
020 ## - INTERNATIONAL STANDARD BOOK NUMBER
International Standard Book Number 9781138834736
040 ## - CATALOGING SOURCE
Transcribing agency KCST
082 ## - DEWEY DECIMAL CLASSIFICATION NUMBER
Classification number 170
Item number Wi Et
100 ## - MAIN ENTRY--PERSONAL NAME
Personal name Williams, Bernard
9 (RLIN) 4937
245 ## - TITLE STATEMENT
Title Ethics and limits of philosophy /
Remainder of title Bernard Williams; A W Moore; Jonathan Lear
260 ## - PUBLICATION, DISTRIBUTION, ETC.
Place of publication, distribution, etc. London ; and New York :
Name of publisher, distributor, etc. Routledge
Date of publication, distribution, etc. 2015.
300 ## - PHYSICAL DESCRIPTION
Extent 276 p.
650 ## - SUBJECT ADDED ENTRY--TOPICAL TERM
Topical term or geographic name entry element Moral
9 (RLIN) 4938
700 ## - ADDED ENTRY--PERSONAL NAME
Personal name Moore, A W
9 (RLIN) 4939
700 ## - ADDED ENTRY--PERSONAL NAME
Personal name Lear, Jonathan
9 (RLIN) 4940
942 ## - ADDED ENTRY ELEMENTS (KOHA)
Koha item type Book
942 ## - ADDED ENTRY ELEMENTS (KOHA)
Source of classification or shelving scheme Dewey Decimal Classification
Holdings
Withdrawn status Lost status Source of classification or shelving scheme Damaged status Not for loan Home library Current library Date acquired Cost, normal purchase price Total checkouts Full call number Barcode Date last seen Price effective from Koha item type
    Dewey Decimal Classification     KCST Library KCST Library 09/08/2020 30.67   170 Wi Et 1000000616 09/08/2020 09/08/2020 Book
© 2025 KCST. All rights reserved